000 00846nmm a2200265 a 4500
001 ocm000702106
003 TR-IsHL
005 20201028131709.0
008 131028s2010 tu tur
007 cr cn
035 _a702106
_b(N$T)
050 0 4 _aPZ90
_b.B89 2010
090 0 4 _aPZ90
_b.B89 2010
245 1 0 _aBüyülü muhabbet çiçeği
_h[electronic resource] /
_ced. Derya Günay
250 _a1. bs.
260 _aİstanbul :
_bBirleşik Yayın Grubu,
_c2010
300 _a63 p.
650 4 _aDil ve Edebiyat
650 4 _aLanguage and Literature
650 0 _aÇocuk romanı, Türk
650 0 _aChildren's fiction, Turkey
650 7 _aLITERARY CRITICISM / Children's Literature
_2bisacsh
700 1 _aGünay, Derya
856 4 0 _uhttp://search.ebscohost.com/login.aspx?direct=true&scope=site&db=e011xww&AN=702106
999 _c4702
_d4702